Croissance et développement : théories et politiques. Tome 1 (Record no. 38390)

MARC details
000 -LEADER
fixed length control field 00657 a2200253 4500
037 ## - SOURCE OF ACQUISITION
Source of stock number/acquisition 1, Achat
037 ## - SOURCE OF ACQUISITION
Stock number DE 4485
100 ## - VEDETTE PRINCIPALE - NOM DE PERSONNE
Personal name Sid Ahmed, Abdelkader
100 ## - VEDETTE PRINCIPALE - NOM DE PERSONNE
Language of a work Fr
260 ## - PUBLICATION, DISTRIBUTION, ETC. (IMPRINT)
Place of publication, distribution, etc Alger
260 ## - PUBLICATION, DISTRIBUTION, ETC. (IMPRINT)
Name of publisher, distributor, etc Office des publications universitaires
245 ## - TITLE STATEMENT
Title Croissance et développement : théories et politiques. Tome 1
260 ## - PUBLICATION, DISTRIBUTION, ETC. (IMPRINT)
Date of publication, distribution, etc 1981
250 ## - EDITION STATEMENT
Edition statement 2è èd.
300 ## - PHYSICAL DESCRIPTION
Extent 856 P.
300 ## - PHYSICAL DESCRIPTION
Other physical details 21 cm
630 ## - SUBJECT ADDED ENTRY--UNIFORM TITLE
Uniform title 33 - Economie. Economie politique
650 ## - SUBJECT ADDED ENTRY--TOPICAL TERM
Topical term or geographic name as entry element 3 - SCIENCES SOCIALES
650 ## - SUBJECT ADDED ENTRY--TOPICAL TERM
Topical term or geographic name as entry element Croissance économique
650 ## - SUBJECT ADDED ENTRY--TOPICAL TERM
Topical term or geographic name as entry element Economie : développement
650 ## - SUBJECT ADDED ENTRY--TOPICAL TERM
Topical term or geographic name as entry element Développement économique
Holdings
Withdrawn status Lost status Damaged status Not for loan Location (home branch) Sublocation or collection (holding branch) Date acquired Koha issues (times borrowed) Koha full call number Koha date last seen Price effective from Koha item type
        Bibliothèque Universitaire Centrale Bibliothèque Universitaire Centrale 28/02/2009   330.16 SID 28/02/2009 28/02/2009 Livre


© 2008, Bibliothèques de l'Université d'Abomey-Calavi

04 BP 789 Cotonou, Tél. : +229 21 36 01 01, Fax : +229 21 35 06 32

Courriel : bu@bu.uac.bj